Представление документа в формате MARC21

ПолеНазваниеЗначение
  Тип записи a
  Библиографический уровень m
001 Контрольный номер BIBLIOCLUB\0000724139
005 Дата корректировки 20260430154906.5
006 m o d
007 Элементы данных для физической характеристики c|||||||||||||
008 Кодируемые данные s2025 rus o rus d
020 Индекс ISBN __
a ISBN 978-5-4499-5245-5
041 Код языка издания 0_
a Код языка текста rus
084 Индекс другой классификации/Индекс ББК __
a Индекс другой классификации/Индекс ББК 65.291.55я73
b Номер единицы LBC/PL
2 Источник индекса rubbk
084 Индекс другой классификации/Индекс ББК __
a Индекс другой классификации/Индекс ББК 67.404.3я73
b Номер единицы LBC/PL
2 Источник индекса rubbk
100 Автор 1_
a Автор Городилов А. А.
245 Заглавие 10
a Заглавие Управление интеллектуальной собственностью
b Продолж. заглавия учебник
c Ответственность А. А. Городилов
260 Выходные данные __
a Место издания Москва
b Издательство Директ-Медиа
c Дата издания 2025
300 Физическое описание __
a Объем 232 с.
504 Библиография __
a Библиография Библиогр. в кн
653 Ключевые слова 1_
a Ключевые слова Учебник для высшей школы
856 Электронный адрес документа 40
3 Область применения данных поля Университетская библиотека ONLINE
u URL https://biblioclub.ru/index.php?page=book&id=724139
856 Электронный адрес документа 40
u URL https://doi.org/10.23681/724139
900 Электронные ресурсы __
a Имя электронного ресурса https://img.biblioclub.ru/sm_cover/ff000185c57455c19d044d2769a3015a7okdahobi4/cover.jpg